[Event "Summer Prague Open 2021 - A"]
[Site "?"]
[Date "2021.08.12"]
[Round "8.11"]
[White "Sorm, Daniel"]
[Black "Kvaloy, Aksel Bu"]
[Result "0-1"]
[BlackElo "2126"]
[WhiteElo "2350"]
[LiveChessVersion "1.4.8"]

1. e4 {[%clk 1:30:56]} e5 {[%clk 1:30:47]} 2. Bc4 {[%clk 1:31:07]} Nf6
{[%clk 1:30:41]} 3. d3 {[%clk 1:31:31]} Nc6 {[%clk 1:29:43]} 4. Nc3
{[%clk 1:31:30]} Na5 {[%clk 1:29:18]} 5. Qf3 {[%clk 1:29:07]} Nxc4
{[%clk 1:21:30]} 6. dxc4 {[%clk 1:29:21]} d6 {[%clk 1:10:00]} 7. h3
{[%clk 1:23:55]} Be6 {[%clk 1:08:13]} 8. b3 {[%clk 1:24:20]} c6 {[%clk 1:06:56]}
9. Bg5 {[%clk 1:24:44]} Be7 {[%clk 1:05:01]} 10. Rd1 {[%clk 1:24:21]} Qc7
{[%clk 0:59:01]} 11. Nge2 {[%clk 1:24:11]} h6 {[%clk 0:58:15]} 12. Bc1
{[%clk 1:21:50]} O-O-O {[%clk 0:52:27]} 13. Ng3 {[%clk 1:21:48]} g6
{[%clk 0:49:53]} 14. O-O {[%clk 1:19:52]} Nh7 {[%clk 0:41:58]} 15. Bxh6
{[%clk 1:16:04]} Ng5 {[%clk 0:33:07]} 16. Bxg5 {[%clk 1:15:56]} Bxg5
{[%clk 0:33:33]} 17. Rd3 {[%clk 1:12:09]} Kb8 {[%clk 0:29:32]} 18. Rfd1
{[%clk 1:11:26]} Be7 {[%clk 0:28:38]} 19. R1d2 {[%clk 1:00:05]} Bg5
{[%clk 0:27:38]} 20. Re2 {[%clk 0:54:09]} Rdf8 {[%clk 0:26:24]} 21. Na4
{[%clk 0:53:52]} f5 {[%clk 0:24:38]} 22. Rd1 {[%clk 0:50:53]} Be7
{[%clk 0:21:14]} 23. Nf1 {[%clk 0:43:10]} g5 {[%clk 0:16:29]} 24. c5
{[%clk 0:38:29]} d5 {[%clk 0:11:22]} 25. exf5 {[%clk 0:36:53]} Rxf5
{[%clk 0:11:10]} 26. Qg3 {[%clk 0:36:51]} Rf4 {[%clk 0:08:54]} 27. Nb2
{[%clk 0:33:00]} e4 {[%clk 0:04:45]} 28. b4 {[%clk 0:33:24]} Bc8 {[%clk 0:03:13]}
29. c4 {[%clk 0:32:43]} g4 {[%clk 0:03:08]} 30. cxd5 {[%clk 0:32:56]} cxd5
{[%clk 0:03:30]} 31. Ne3 {[%clk 0:21:48]} Be6 {[%clk 0:01:57]} 32. Nxd5
{[%clk 0:19:02]} Bxd5 {[%clk 0:02:24]} 33. Rxd5 {[%clk 0:19:28]} Bh4
{[%clk 0:01:42]} 34. Qc3 {[%clk 0:15:24]} Bf6 {[%clk 0:02:04]} 35. Qd2
{[%clk 0:15:47]} gxh3 {[%clk 0:00:56]} 36. Rd7 {[%clk 0:14:07]} Qe5
{[%clk 0:01:18]} 37. g3 {[%clk 0:13:13]} Rf3 {[%clk 0:00:35]} 38. Kh2
{[%clk 0:05:35]} e3 {[%clk 0:00:37]} 39. Rxe3 {[%clk 0:05:49]} Rxe3
{[%clk 0:00:54]} 40. Qxe3 {[%clk 0:06:12]} Qxe3 {[%clk 0:00:58]} 41. fxe3
{[%clk 0:06:34]} Bxb2 {[%clk 0:01:15]} 42. b5 {[%clk 0:05:50]} Be5
{[%clk 0:25:58]} 43. Rd2 {[%clk 0:34:14]} Rg8 {[%clk 0:17:55]} 44. b6
{[%clk 0:33:50]} axb6 {[%clk 0:15:23]} 45. cxb6 {[%clk 0:34:18]} Kc8
{[%clk 0:14:47]} 46. Rd5 {[%clk 0:29:51]} Bxg3+ {[%clk 0:09:02]} 47. Kxh3
{[%clk 0:30:14]} Bf2 {[%clk 0:08:39]} 48. Rc5+ {[%clk 0:27:45]} Kb8
{[%clk 0:08:51]} 49. Re5 {[%clk 0:25:06]} Rg3+ {[%clk 0:07:49]} 50. Kh2
{[%clk 0:25:31]} Rxe3 {[%clk 0:07:41]} 51. Rf5 {[%clk 0:25:49]} Bg3+
{[%clk 0:07:59]} 52. Kg2 {[%clk 0:26:17]} Kc8 {[%clk 0:07:18]} 53. a4
{[%clk 0:25:34]} Bd6 {[%clk 0:05:25]} 54. a5 {[%clk 0:25:31]} Kd7
{[%clk 0:04:34]} 55. Kf2 {[%clk 0:23:55]} Re5 {[%clk 0:03:46]} 56. Rf7+
{[%clk 0:24:15]} Kc6 {[%clk 0:04:04]} 57. a6 {[%clk 0:24:34]} bxa6
{[%clk 0:04:23]} 58. b7 {[%clk 0:24:56]} Bc7 {[%clk 0:03:42]} 59. Rxc7+
{[%clk 0:25:06]} Kxc7 {[%clk 0:04:06]} 0-1

[Event "Summer Prague Open 2021 - A"]
[Site "?"]
[Date "2021.08.12"]
[Round "8.12"]
[White "Nemec, Jachym"]
[Black "Neuman, Petr"]
[Result "1/2-1/2"]
[BlackElo "2402"]
[WhiteElo "2191"]
[LiveChessVersion "1.4.8"]

1. d4 {[%clk 1:30:57]} Nf6 {[%clk 1:29:09]} 2. c4 {[%clk 1:31:22]} c5
{[%clk 1:29:33]} 3. d5 {[%clk 1:31:48]} e5 {[%clk 1:29:45]} 4. Nc3
{[%clk 1:31:17]} d6 {[%clk 1:30:09]} 5. e4 {[%clk 1:31:25]} Be7 {[%clk 1:30:21]}
6. Bd3 {[%clk 1:29:00]} O-O {[%clk 1:30:45]} 7. Nge2 {[%clk 1:29:19]} Ne8
{[%clk 1:30:17]} 8. Qc2 {[%clk 1:18:35]} g6 {[%clk 1:28:02]} 9. Bd2
{[%clk 1:10:34]} Ng7 {[%clk 1:27:13]} 10. O-O-O {[%clk 1:08:12]} Bg5
{[%clk 1:24:05]} 11. h4 {[%clk 1:06:10]} Bxd2+ {[%clk 1:15:54]} 12. Qxd2
{[%clk 1:06:29]} h5 {[%clk 1:16:00]} 13. g3 {[%clk 1:06:10]} Nd7 {[%clk 1:13:15]}
14. Qg5 {[%clk 0:59:59]} Qxg5+ {[%clk 1:11:46]} 15. hxg5 {[%clk 1:00:23]} f6
{[%clk 1:12:10]} 16. f4 {[%clk 0:57:56]} fxg5 {[%clk 1:11:30]} 17. fxg5
{[%clk 0:58:20]} Nb6 {[%clk 1:11:20]} 18. Rdf1 {[%clk 0:56:12]} Rxf1+
{[%clk 1:10:43]} 19. Rxf1 {[%clk 0:56:34]} Ne8 {[%clk 1:11:05]} 20. Nd1
{[%clk 0:55:57]} Nd7 {[%clk 1:11:09]} 21. Nf2 {[%clk 0:51:35]} Nf8
{[%clk 1:11:23]} 22. Ng1 {[%clk 0:52:01]} Nh7 {[%clk 1:11:38]} 23. Nfh3
{[%clk 0:51:49]} Bd7 {[%clk 1:11:00]} 24. b3 {[%clk 0:51:14]} a6 {[%clk 1:10:23]}
25. Kc2 {[%clk 0:49:56]} b5 {[%clk 1:10:08]} 26. Kc3 {[%clk 0:49:12]} Nc7
{[%clk 1:09:50]} 27. Rb1 {[%clk 0:49:12]} b4+ {[%clk 1:06:02]} 28. Kb2
{[%clk 0:49:31]} a5 {[%clk 1:04:59]} 29. Rf1 {[%clk 0:47:16]} a4 {[%clk 1:04:37]}
30. Ra1 {[%clk 0:47:22]} a3+ {[%clk 1:02:31]} 1/2-1/2

[Event "Summer Prague Open 2021 - A"]
[Site "?"]
[Date "2021.08.12"]
[Round "8.13"]
[White "Krivanek, Vladimir"]
[Black "Mica, Marek"]
[Result "1/2-1/2"]
[BlackElo "2316"]
[WhiteElo "2166"]
[LiveChessVersion "1.4.8"]

1. Nc3 {[%clk 1:26:51]} d5 {[%clk 1:30:29]} 2. e4 {[%clk 1:27:04]} e6
{[%clk 1:30:41]} 3. d4 {[%clk 1:27:08]} Nf6 {[%clk 1:30:30]} 4. Bg5
{[%clk 1:25:57]} Bb4 {[%clk 1:28:13]} 5. e5 {[%clk 1:24:47]} h6 {[%clk 1:28:30]}
6. Be3 {[%clk 1:18:43]} Ne4 {[%clk 1:14:46]} 7. Qg4 {[%clk 1:18:12]} g6
{[%clk 1:09:20]} 8. Bd3 {[%clk 1:09:24]} Nxc3 {[%clk 1:07:36]} 9. a3
{[%clk 1:04:45]} Ba5 {[%clk 1:04:58]} 10. Bd2 {[%clk 0:58:44]} c5
{[%clk 1:03:26]} 11. bxc3 {[%clk 0:56:03]} cxd4 {[%clk 0:59:26]} 12. cxd4
{[%clk 0:55:32]} Bxd2+ {[%clk 0:58:04]} 13. Kxd2 {[%clk 0:54:18]} Nc6
{[%clk 0:56:07]} 14. Ne2 {[%clk 0:46:21]} Bd7 {[%clk 0:54:53]} 15. Rhb1
{[%clk 0:43:28]} Na5 {[%clk 0:54:04]} 16. h4 {[%clk 0:38:24]} h5 {[%clk 0:52:38]}
17. Qf4 {[%clk 0:36:13]} Rc8 {[%clk 0:50:44]} 18. Ng1 {[%clk 0:34:59]} Qc7
{[%clk 0:47:07]} 19. Nf3 {[%clk 0:33:43]} Ba4 {[%clk 0:31:57]} 20. Ra2
{[%clk 0:33:17]} Qc3+ {[%clk 0:18:02]} 21. Ke2 {[%clk 0:33:10]} Rc7
{[%clk 0:16:10]} 22. Qf6 {[%clk 0:23:44]} Rg8 {[%clk 0:16:22]} 23. Ng5
{[%clk 0:20:08]} Nc6 {[%clk 0:14:34]} 24. Nf3 {[%clk 0:12:37]} b5
{[%clk 0:08:33]} 25. Qf4 {[%clk 0:11:04]} a6 {[%clk 0:08:37]} 26. g4
{[%clk 0:07:06]} Re7 {[%clk 0:03:57]} 27. Rg1 {[%clk 0:05:27]} hxg4
{[%clk 0:02:30]} 28. Rxg4 {[%clk 0:05:46]} Rf8 {[%clk 0:01:37]} 29. Ng5
{[%clk 0:04:49]} Kd7 {[%clk 0:01:09]} 30. Nh7 {[%clk 0:03:54]} Rh8
{[%clk 0:01:12]} 31. Nf6+ {[%clk 0:03:43]} Kc8 {[%clk 0:01:16]} 32. Qe3
{[%clk 0:03:24]} Kb7 {[%clk 0:01:03]} 33. Kf1 {[%clk 0:02:56]} Rc8
{[%clk 0:01:00]} 34. Rf4 {[%clk 0:02:00]} Rec7 {[%clk 0:00:50]} 35. Ng4
{[%clk 0:01:38]} Rh8 {[%clk 0:00:48]} 36. Nh2 {[%clk 0:01:33]} Rh7
{[%clk 0:00:39]} 37. Nf3 {[%clk 0:01:42]} Rg7 {[%clk 0:00:40]} 38. Ng5
{[%clk 0:01:54]} Na5 {[%clk 0:00:39]} 39. Qf3 {[%clk 0:01:05]} Nc4
{[%clk 0:00:44]} 40. Kg2 {[%clk 0:01:04]} Nd2 {[%clk 0:00:44]} 41. Qe2
{[%clk 0:24:02]} Nb1 {[%clk 0:27:51]} 42. Qf3 {[%clk 0:18:57]} Nxa3
{[%clk 0:17:36]} 43. Nxf7 {[%clk 0:17:15]} Nxc2 {[%clk 0:16:56]} 44. Nd8+
{[%clk 0:11:56]} Kc8 {[%clk 0:15:37]} 45. Bxc2 {[%clk 0:11:22]} Qxf3+
{[%clk 0:13:37]} 46. Kxf3 {[%clk 0:11:32]} Rc3+ {[%clk 0:08:14]} 47. Ke2
{[%clk 0:08:57]} Kxd8 {[%clk 0:05:58]} 48. Bxa4 {[%clk 0:09:14]} bxa4
{[%clk 0:06:20]} 49. Rxa4 {[%clk 0:09:33]} Rc6 {[%clk 0:06:26]} 50. Rf8+
{[%clk 0:07:02]} Kc7 {[%clk 0:06:02]} 51. Rb4 {[%clk 0:06:01]} Rh7
{[%clk 0:03:12]} 52. Rfb8 {[%clk 0:05:50]} Kd7 {[%clk 0:02:16]} 53. Rg8
{[%clk 0:04:33]} Kc7 {[%clk 0:01:33]} 54. Rxg6 {[%clk 0:01:54]} Rxh4
{[%clk 0:01:52]} 55. Rg7+ {[%clk 0:02:11]} Kc8 {[%clk 0:02:13]} 56. Rg8+
{[%clk 0:02:09]} Kc7 {[%clk 0:02:33]} 57. Rg7+ {[%clk 0:02:18]} Kc8
{[%clk 0:02:44]} 58. Ke3 {[%clk 0:01:40]} Rc3+ {[%clk 0:02:56]} 59. Kd2
{[%clk 0:01:49]} Rc6 {[%clk 0:03:08]} 60. f3 {[%clk 0:01:30]} a5 {[%clk 0:00:47]}
61. Ra4 {[%clk 0:00:56]} Ra6 {[%clk 0:00:57]} 62. Ke3 {[%clk 0:01:14]} Rh1
{[%clk 0:01:03]} 63. Kf4 {[%clk 0:00:47]} Rb1 {[%clk 0:00:58]} 64. Kg5
{[%clk 0:00:43]} Rg1+ {[%clk 0:01:04]} 65. Kf6 {[%clk 0:01:02]} Rxg7
{[%clk 0:01:05]} 66. Kxg7 {[%clk 0:01:29]} Kd7 {[%clk 0:01:23]} 67. Kf7
{[%clk 0:01:28]} Kc6 {[%clk 0:01:06]} 68. Kxe6 {[%clk 0:00:54]} Kb5+
{[%clk 0:01:30]} 69. Kxd5 {[%clk 0:00:59]} Kxa4 {[%clk 0:01:54]} 70. e6
{[%clk 0:00:33]} Kb3 {[%clk 0:02:17]} 71. e7 {[%clk 0:00:36]} Ra8
{[%clk 0:02:35]} 72. f4 {[%clk 0:00:36]} a4 {[%clk 0:01:55]} 73. f5
{[%clk 0:00:54]} a3 {[%clk 0:02:18]} 74. f6 {[%clk 0:01:11]} a2 {[%clk 0:02:42]}
75. f7 {[%clk 0:01:35]} a1=Q {[%clk 0:02:57]} 76. e8=Q {[%clk 0:01:15]} Qa5+
{[%clk 0:02:51]} 77. Ke6 {[%clk 0:00:39]} Qb6+ {[%clk 0:02:19]} 78. Ke7
{[%clk 0:00:33]} Qb4+ {[%clk 0:02:05]} 79. Ke6 {[%clk 0:00:44]} Qe1+
{[%clk 0:01:44]} 80. Kd7 {[%clk 0:00:44]} Ra7+ {[%clk 0:01:50]} 81. Kd6
{[%clk 0:00:53]} Qb4+ {[%clk 0:02:02]} 82. Ke6 {[%clk 0:00:55]} Qb6+
{[%clk 0:01:46]} 83. Ke5 {[%clk 0:01:06]} Qc7+ {[%clk 0:01:47]} 84. Kf6
{[%clk 0:00:44]} Qf4+ {[%clk 0:01:25]} 85. Kg7 {[%clk 0:00:32]} Qxd4+
{[%clk 0:01:30]} 86. Kg8 {[%clk 0:00:39]} Qg4+ {[%clk 0:01:20]} 87. Kh7
{[%clk 0:00:35]} Qh5+ {[%clk 0:01:31]} 88. Kg7 {[%clk 0:00:43]} Qg5+
{[%clk 0:01:23]} 89. Kh7 {[%clk 0:00:49]} Qh4+ {[%clk 0:00:58]} 90. Kg7
{[%clk 0:01:07]} Qg3+ {[%clk 0:01:07]} 91. Kh7 {[%clk 0:01:18]} Qh2+
{[%clk 0:01:02]} 92. Kg7 {[%clk 0:01:21]} Qg1+ {[%clk 0:01:23]} 93. Kh7
{[%clk 0:01:05]} Qh1+ {[%clk 0:01:14]} 94. Kg7 {[%clk 0:01:28]} Qg2+
{[%clk 0:01:02]} 95. Kh7 {[%clk 0:01:44]} Qh3+ {[%clk 0:01:26]} 96. Kg7
{[%clk 0:01:58]} Qg4+ {[%clk 0:01:45]} 97. Kh7 {[%clk 0:02:08]} Qh5+
{[%clk 0:01:46]} 98. Kg7 {[%clk 0:02:22]} Qg5+ {[%clk 0:02:02]} 99. Kh7
{[%clk 0:02:34]} Re7 {[%clk 0:01:18]} 100. Qxe7 {[%clk 0:01:10]} Qxe7
{[%clk 0:01:41]} 101. Kg8 {[%clk 0:01:30]} Qg5+ {[%clk 0:02:07]} 102. Kh8
{[%clk 0:01:16]} Qf6+ {[%clk 0:02:30]} 103. Kg8 {[%clk 0:01:39]} Qg6+
{[%clk 0:02:56]} 104. Kh8 {[%clk 0:01:56]} Qxf7 {[%clk 0:03:21]} 1/2-1/2

[Event "Summer Prague Open 2021 - A"]
[Site "?"]
[Date "2021.08.12"]
[Round "8.14"]
[White "Kulhanek, Tomas"]
[Black "Nytra, Ondrej"]
[Result "1-0"]
[BlackElo "2171"]
[WhiteElo "2314"]
[LiveChessVersion "1.4.8"]

1. e4 {[%clk 1:30:56]} e5 {[%clk 1:30:56]} 2. Nf3 {[%clk 1:31:18]} Nc6
{[%clk 1:31:21]} 3. Bb5 {[%clk 1:31:26]} a6 {[%clk 1:31:45]} 4. Ba4
{[%clk 1:31:50]} Nf6 {[%clk 1:32:11]} 5. d3 {[%clk 1:32:15]} b5 {[%clk 1:32:29]}
6. Bb3 {[%clk 1:30:22]} Be7 {[%clk 1:32:47]} 7. a4 {[%clk 1:28:34]} b4
{[%clk 1:32:03]} 8. a5 {[%clk 1:27:43]} d6 {[%clk 1:30:53]} 9. Nbd2
{[%clk 1:27:05]} O-O {[%clk 1:30:54]} 10. O-O {[%clk 1:25:03]} Re8
{[%clk 1:25:02]} 11. c3 {[%clk 1:20:14]} Rb8 {[%clk 1:24:16]} 12. h3
{[%clk 1:19:38]} Bf8 {[%clk 1:19:42]} 13. Re1 {[%clk 1:19:09]} g6
{[%clk 1:18:05]} 14. Nc4 {[%clk 1:12:16]} Be6 {[%clk 1:14:11]} 15. Ng5
{[%clk 0:57:59]} d5 {[%clk 1:08:52]} 16. Nxe6 {[%clk 0:58:19]} fxe6
{[%clk 1:09:11]} 17. Ba4 {[%clk 0:55:43]} dxc4 {[%clk 1:06:41]} 18. Bxc6
{[%clk 0:54:22]} Qxd3 {[%clk 0:56:11]} 19. Bg5 {[%clk 0:51:06]} Bc5
{[%clk 0:45:48]} 20. Bxf6 {[%clk 0:40:02]} Rf8 {[%clk 0:46:14]} 21. Qxd3
{[%clk 0:39:41]} cxd3 {[%clk 0:46:40]} 22. Bh4 {[%clk 0:40:01]} bxc3
{[%clk 0:46:05]} 23. bxc3 {[%clk 0:40:00]} Rb2 {[%clk 0:46:23]} 24. Rf1
{[%clk 0:37:41]} Rc2 {[%clk 0:37:06]} 25. Ba4 {[%clk 0:28:22]} Rxc3
{[%clk 0:34:30]} 26. Rfc1 {[%clk 0:27:12]} Bb4 {[%clk 0:32:41]} 27. Rxc3
{[%clk 0:25:32]} Bxc3 {[%clk 0:33:09]} 28. Ra3 {[%clk 0:25:41]} Bxa5
{[%clk 0:33:21]} 29. Rxd3 {[%clk 0:24:58]} Rf4 {[%clk 0:33:35]} 30. Bg5
{[%clk 0:24:25]} Rxe4 {[%clk 0:33:29]} 31. Rd8+ {[%clk 0:24:41]} Kg7
{[%clk 0:32:42]} 32. Rd7+ {[%clk 0:25:01]} Kg8 {[%clk 0:32:56]} 33. Bb3
{[%clk 0:24:11]} Bb4 {[%clk 0:30:52]} 34. Bxe6+ {[%clk 0:23:50]} Kf8
{[%clk 0:31:18]} 35. Rf7+ {[%clk 0:23:10]} Ke8 {[%clk 0:31:23]} 36. Rxc7
{[%clk 0:23:09]} Kf8 {[%clk 0:31:13]} 37. Bf6 {[%clk 0:23:02]} Re1+
{[%clk 0:31:15]} 38. Kh2 {[%clk 0:23:27]} Bd6 {[%clk 0:31:40]} 39. Rc8#
{[%clk 0:23:47]} 1-0

[Event "Summer Prague Open 2021 - A"]
[Site "Olympik hotel, Sokolovska 138,"]
[Date "2021.08.12"]
[Round "8.15"]
[White "Neukirchner, Pascal"]
[Black "Vorisek, Jakub"]
[Result "1-0"]
[WhiteElo "2266"]
[BlackElo "2151"]
[PlyCount "61"]
[EventDate "2021.08.06"]

1. d4 d5 2. c4 c6 3. Nf3 Nf6 4. e3 e6 5. b3 Ne4 6. Nbd2 Nd7 7. Nxe4 dxe4 8. Nd2
f5 9. Bb2 Bd6 10. c5 Bb8 11. Qh5+ g6 12. Qh6 Nf6 13. Be2 Qe7 14. Nc4 Bd7 15. a4
Bc7 16. Nd6+ Bxd6 17. cxd6 Qf8 18. Qg5 O-O-O 19. O-O h6 20. Qg3 Nd5 21. Qe5 f4
22. Rfc1 Qf5 23. exf4 Nxf4 24. Bf1 Rhf8 25. Rc2 Qg4 26. Qa5 Kb8 27. Qc3 Rf5 28.
Qg3 Qh5 29. Re1 Rdf8 30. Rxe4 Rg5 31. Rxf4 1-0

[Event "Summer Prague Open 2021 - A"]
[Site "Olympik hotel, Sokolovska 138,"]
[Date "2021.08.12"]
[Round "8.16"]
[White "Glavan, Slavenko"]
[Black "Stillger, Bernhard"]
[Result "1/2-1/2"]
[WhiteElo "2182"]
[BlackElo "2255"]
[PlyCount "186"]
[EventDate "2021.08.06"]

1. e4 e5 2. Nf3 Nf6 3. d3 d6 4. Be2 Nbd7 5. O-O g6 6. Nbd2 Bg7 7. a4 a5 8. Nc4
O-O 9. h3 Nc5 10. Be3 Nfd7 11. Qd2 b6 12. Bh6 Bb7 13. Nh2 Bxh6 14. Qxh6 Ne6 15.
Bg4 Ndc5 16. Qd2 Qg5 17. Bxe6 Nxe6 18. Qxg5 Nxg5 19. f4 exf4 20. Rxf4 h5 21.
Raf1 Rae8 22. b3 d5 23. exd5 Bxd5 24. Na3 Re7 25. Nb5 Ne6 26. R4f2 Bc6 27. Nf3
Bxf3 28. Rxf3 Rd8 29. Re3 Kf8 30. Rfe1 Red7 31. R1e2 c6 32. Nc3 Nd4 33. Rf2 Re7
34. Rxe7 Kxe7 35. Kf1 f5 36. Ke1 Kd6 37. Kd2 Re8 38. Rf4 c5 39. Rf2 g5 40. Nd1
f4 41. Nc3 Re5 42. h4 gxh4 43. Rxf4 Nf5 44. Ne4+ Kc7 45. c3 Kc6 46. Rf2 Kc7 47.
Ng5 Nd6 48. Nf3 Rd5 49. Re2 c4 50. bxc4 Nxc4+ 51. Kc2 Nd6 52. Nxh4 Rg5 53. Nf3
Rg4 54. Nd4 Kd7 55. Kb3 Rg3 56. Nf3 h4 57. d4 h3 58. Ne5+ Kc7 59. gxh3 Rxh3 60.
Nf7 Nf5 61. Rd2 Rh7 62. Ne5 Rh3 63. Nc4 Rf3 64. Kb2 Nd6 65. Nxd6 Kxd6 66. Kb3
Rf1 67. Rh2 Rb1+ 68. Kc4 Ra1 69. Rh6+ Kc7 70. Kd5 Rxa4 71. c4 Rb4 72. Rh7+ Kc8
73. c5 bxc5 74. dxc5 Rg4 75. Kc6 Rg6+ 76. Kb5 a4 77. Kxa4 Rf6 78. Kb5 Rg6 79.
Rh8+ Kc7 80. Ra8 Kb7 81. Rd8 Kc7 82. Re8 Rh6 83. Re7+ Kd8 84. Rb7 Kc8 85. Rb6
Rh1 86. Rg6 Rh7 87. Ra6 Kb7 88. c6+ Kb8 89. Kc5 Rh1 90. Ra5 Kc7 91. Ra7+ Kc8
92. Ra4 Kc7 93. Ra7+ Kc8 1/2-1/2

[Event "Summer Prague Open 2021 - A"]
[Site "Olympik hotel, Sokolovska 138,"]
[Date "2021.08.12"]
[Round "8.17"]
[White "Hartge, Gedeon"]
[Black "Jun, Rudolf"]
[Result "1/2-1/2"]
[WhiteElo "2254"]
[BlackElo "2090"]
[PlyCount "94"]
[EventDate "2021.08.06"]

1. d4 Nf6 2. c4 g6 3. f3 Bg7 4. e4 d6 5. Nc3 O-O 6. Nge2 a6 7. Be3 Nbd7 8. Qd2
c5 9. Rd1 Qa5 10. Nc1 cxd4 11. Bxd4 Rb8 12. Nb3 Qc7 13. Be2 b6 14. O-O Nc5 15.
Na1 Bb7 16. Rc1 Rbc8 17. Rfd1 Qb8 18. Bf1 Nfd7 19. Be3 Rfe8 20. b4 Ne6 21. Nb3
Bc6 22. Qf2 a5 23. a3 axb4 24. axb4 Bxc3 25. Rxc3 Ba4 26. Rdc1 Bxb3 27. Rxb3
Qc7 28. Ra3 Ra8 29. Rca1 Rxa3 30. Rxa3 Rb8 31. Qa2 Qd8 32. Ra7 Ne5 33. Ra3 Nc6
34. Qb2 Ne5 35. Be2 Rc8 36. Qa2 Nc6 37. Qb2 Ne5 38. Rc3 Qc7 39. f4 Nc6 40. Ra3
Rb8 41. h4 Qd8 42. h5 Qf8 43. Ra6 Qc8 44. Ra2 Qf8 45. Ra6 Qc8 46. Ra2 Qf8 47.
Ra6 Qc8 1/2-1/2

[Event "Summer Prague Open 2021 - A"]
[Site "Olympik hotel, Sokolovska 138,"]
[Date "2021.08.12"]
[Round "8.18"]
[White "Paseka, Matyas"]
[Black "Jedlicka, Ales"]
[Result "1/2-1/2"]
[WhiteElo "1969"]
[BlackElo "2209"]
[PlyCount "119"]
[EventDate "2021.08.06"]

1. e4 c6 2. d4 d5 3. exd5 cxd5 4. c4 Nf6 5. Nc3 e6 6. Nf3 Bb4 7. cxd5 Nxd5 8.
Bd2 Nc6 9. a3 Be7 10. Bc4 O-O 11. O-O Bf6 12. Nxd5 exd5 13. Ba2 Bg4 14. Bc3 Re8
15. Qd3 Qd7 16. Rfe1 Bf5 17. Qd2 Be4 18. Qf4 h6 19. Rad1 Bc2 20. Rc1 Re4 21.
Qd2 Rxe1+ 22. Rxe1 Be4 23. Ne5 Bxe5 24. dxe5 Qg4 25. f3 Bxf3 26. Bxd5 Bxd5 27.
Qxd5 Rd8 28. Qb3 Nd4 29. Qxb7 Ne2+ 30. Kh1 Nxc3 31. bxc3 Rd1 32. Rg1 Rxg1+ 33.
Kxg1 Qd1+ 34. Kf2 Qd2+ 35. Kf1 Qc1+ 36. Kf2 Qxa3 37. Qc8+ Qf8 38. Qc7 Qa8 39.
Qa5 Qb7 40. c4 Qb2+ 41. Kf1 Qc1+ 42. Kf2 Qf4+ 43. Ke1 Qxh2 44. Qd8+ Kh7 45.
Qd3+ g6 46. Qd5 Qg3+ 47. Kd1 Qb3+ 48. Ke2 Kg7 49. Qd4 Qc2+ 50. Ke3 Kg8 51. e6
Qc1+ 52. Ke2 fxe6 53. Qd8+ Kf7 54. Qd7+ Kf6 55. Qd4+ e5 56. Qd6+ Kf5 57. Qf8+
Kg5 58. Qe7+ Kf5 59. Qf7+ Kg5 60. Qe7+ 1/2-1/2

[Event "Summer Prague Open 2021 - A"]
[Site "Olympik hotel, Sokolovska 138,"]
[Date "2021.08.12"]
[Round "8.19"]
[White "Shehzad, Shazil"]
[Black "Heyne, Lukas"]
[Result "1-0"]
[WhiteElo "2196"]
[BlackElo "2062"]
[PlyCount "37"]
[EventDate "2021.08.06"]

1. e4 d6 2. d4 Nf6 3. Nc3 g6 4. Be3 c6 5. Qd2 b5 6. Bd3 Qa5 7. Nf3 Nbd7 8. O-O
Ng4 9. Bg5 h6 10. Bh4 g5 11. Bg3 Bb7 12. h3 Ngf6 13. e5 dxe5 14. dxe5 Nh5 15.
e6 Ndf6 16. exf7+ Kxf7 17. Ne5+ Kg8 18. Bg6 Nxg3 19. fxg3 1-0

[Event "Summer Prague Open 2021 - A"]
[Site "Olympik hotel, Sokolovska 138,"]
[Date "2021.08.12"]
[Round "8.21"]
[White "Witte, Ronald"]
[Black "Pap, Gyula"]
[Result "1/2-1/2"]
[WhiteElo "2049"]
[BlackElo "2519"]
[PlyCount "41"]
[EventDate "2021.08.06"]

1. d4 Nf6 2. c4 e6 3. Nf3 Bb4+ 4. Bd2 Bxd2+ 5. Qxd2 O-O 6. Nc3 d5 7. cxd5 exd5
8. e3 Bf5 9. Bd3 Bxd3 10. Qxd3 c6 11. Ne5 Nbd7 12. Nxd7 Qxd7 13. O-O Rfe8 14.
Rfe1 Ne4 15. Nxe4 Rxe4 16. f3 Re6 17. Re2 Rae8 18. Rae1 Qd8 19. e4 dxe4 20.
Rxe4 Qd5 21. b3 1/2-1/2

[Event "Summer Prague Open 2021 - A"]
[Site "Olympik hotel, Sokolovska 138,"]
[Date "2021.08.12"]
[Round "8.22"]
[White "Svanda, Ondrej"]
[Black "Vecera, Dominik"]
[Result "0-1"]
[WhiteElo "2312"]
[BlackElo "2014"]
[PlyCount "60"]
[EventDate "2021.08.06"]

1. e4 c5 2. Nf3 g6 3. c3 Bg7 4. d4 cxd4 5. cxd4 d5 6. e5 Bg4 7. Bb5+ Nd7 8.
Nbd2 e6 9. O-O a6 10. Be2 Ne7 11. h3 Bxf3 12. Nxf3 O-O 13. Bd3 Nc6 14. Bd2 f6
15. exf6 Nxf6 16. Qe2 Qd6 17. Bc3 Rae8 18. Ne5 Nh5 19. Qe3 Nf4 20. Bc2 Bxe5 21.
dxe5 Qd8 22. Bd2 Qg5 23. g3 d4 24. Qe1 Nxe5 25. Be4 Nxh3+ 26. Kg2 Nf4+ 27. Bxf4
Rxf4 28. Rc1 Ng4 29. Bxb7 Rf7 30. b4 Rxb7 0-1

[Event "Summer Prague Open 2021 - A"]
[Site "Olympik hotel, Sokolovska 138,"]
[Date "2021.08.12"]
[Round "8.23"]
[White "Valkova, Angelika"]
[Black "Bluebaum, Karl-Ernst"]
[Result "0-1"]
[WhiteElo "1978"]
[BlackElo "2281"]
[PlyCount "64"]
[EventDate "2021.08.06"]

1. d4 d5 2. c4 e6 3. Nf3 Nf6 4. Nc3 Bb4 5. Qa4+ Nc6 6. a3 Bxc3+ 7. bxc3 a6 8.
Bg5 h6 9. Bh4 g5 10. Bg3 Ne4 11. e3 O-O 12. Qc2 Nxg3 13. hxg3 Kg7 14. g4 Qf6
15. Rh5 Rh8 16. Bd3 dxc4 17. Be4 e5 18. Bxc6 Qxc6 19. Nxe5 Qxg2 20. O-O-O Bxg4
21. Nxg4 Qxg4 22. Rdh1 Rae8 23. Qa4 Qe6 24. Qa5 b6 25. Qxa6 Qc6 26. d5 Qxd5 27.
Qa4 Qd3 28. Rxh6 Rxh6 29. Rxh6 Qf1+ 30. Kb2 Qxf2+ 31. Kb1 Qg1+ 32. Kb2 Qg2+ 0-1

[Event "Summer Prague Open 2021 - A"]
[Site "Olympik hotel, Sokolovska 138,"]
[Date "2021.08.12"]
[Round "8.24"]
[White "Dambrauskas, Virginijus"]
[Black "Plesek, Jiri"]
[Result "1-0"]
[WhiteElo "2176"]
[BlackElo "1996"]
[PlyCount "79"]
[EventDate "2021.08.06"]

1. d4 d5 2. Nf3 c6 3. b3 Bf5 4. e3 e6 5. Bb2 Bd6 6. Be2 Nd7 7. O-O h6 8. c4 Qc7
9. Nc3 Ngf6 10. Rc1 a6 11. c5 Be7 12. b4 Ne4 13. Na4 Bf6 14. Ne1 Be7 15. f3
Nef6 16. Nd3 Bxd3 17. Bxd3 e5 18. Bb1 O-O-O 19. dxe5 Nxe5 20. Nb6+ Kb8 21. a4
Nc4 22. Bd4 Nxb6 23. cxb6 Qd6 24. b5 Rc8 25. Bf5 c5 26. Bxf6 Bxf6 27. Bxc8 Rxc8
28. bxa6 bxa6 29. e4 Bd4+ 30. Kh1 dxe4 31. fxe4 f6 32. Qd3 Kb7 33. a5 Re8 34.
Rf5 Qe6 35. Rd5 Re7 36. Qf3 f5 37. Rxf5 Qxe4 38. Rf7 Kb8 39. Rxe7 Qxe7 40. Qc6
1-0

[Event "Summer Prague Open 2021 - A"]
[Site "?"]
[Date "2021.08.13"]
[Round "9.1"]
[White "Hrabusa, Matej"]
[Black "Petr, Martin"]
[Result "1/2-1/2"]
[BlackElo "2503"]
[WhiteElo "2350"]
[LiveChessVersion "1.4.8"]

1. d4 {[%clk 1:30:56]} d5 {[%clk 1:30:52]} 2. Bf4 {[%clk 1:31:20]} Nf6
{[%clk 1:31:01]} 3. e3 {[%clk 1:31:44]} e6 {[%clk 1:31:25]} 4. Nd2
{[%clk 1:32:05]} Bd6 {[%clk 1:31:47]} 5. Bg3 {[%clk 1:32:30]} O-O
{[%clk 1:31:38]} 6. Ngf3 {[%clk 1:32:38]} c5 {[%clk 1:32:03]} 7. c3
{[%clk 1:32:53]} Qc7 {[%clk 1:32:26]} 8. dxc5 {[%clk 1:32:18]} Qxc5
{[%clk 1:31:32]} 9. Bd3 {[%clk 1:32:16]} Nbd7 {[%clk 1:28:10]} 10. e4
{[%clk 1:29:05]} e5 {[%clk 1:16:25]} 11. O-O {[%clk 1:17:04]} dxe4
{[%clk 1:14:42]} 12. Bxe4 {[%clk 1:15:13]} Bc7 {[%clk 1:06:47]} 13. Bc2
{[%clk 1:11:43]} h6 {[%clk 0:55:40]} 14. Re1 {[%clk 1:08:18]} Re8
{[%clk 0:56:01]} 15. h3 {[%clk 1:00:04]} Rb8 {[%clk 0:51:08]} 16. Rc1
{[%clk 0:53:32]} b5 {[%clk 0:49:53]} 17. b4 {[%clk 0:52:04]} Qf8 {[%clk 0:43:32]}
18. a4 {[%clk 0:47:06]} a6 {[%clk 0:43:30]} 19. axb5 {[%clk 0:45:08]} axb5
{[%clk 0:43:48]} 20. Ne4 {[%clk 0:40:09]} 1/2-1/2